Italian History Multiple Choice #1 - Statistics

General Stats
  • This quiz has been taken 508 times
  • The average score is 7 of 15
Answer Stats
Question Answer % Correct
Use of mustard gas by the Italian Royal Air Force was authorised explicitly by Mussolini, in outspoken violation of 1925 Geneva Protocol, while invading brutally this modern-day country: Ethiopia
85%
Neo-fascist terrorists perpetrated this heinous bombing attack in Bologna in 1981, killing 85 and wounding more than 200 people. Which place was targeted in particular? Central railway station
73%
This city was the major settlement under the Byzantine Empire in the Western Mediterranean between 5th and 8th century AD, still maintaining today many examples of astonishing religious and celebratory mosaics of that time. Ravenna
61%
As the city of Rome began to militarily expand in 4th century BC, he faced the presence of Etruscans further north, in modern-day Tuscany; and what civilization further south, in modern-day Naples region? Greeks
58%
French historian Fernand Braudel, in its majestic works on "world-economies", points to these two Italian cities as fundamental for the development of a capitalist economy in Europe, from 13th to 16th century, as they were (respectively) the centre of trade from the East and the apex of the banking system at the time. Venice and Genoa
55%
This manufacturer firm, headquartered near Turin, developed in 1964 the first commercial programmable desktop computer, called "Programma 101", thus being a commercial success: Olivetti
52%
This region was left in backwardness and remoteness until WW2, with malaria eliminated successfully just in 1951 (also thanks to supporting provided by the Rockefeller Foundation); later on, however, it developed a tourist boom which has made it a luxury destination in the Mediterranean. Sardinia
52%
This internationally-claimed conductor fell into disgrace in front of the Fascism after he refused to direct the propaganda hymn "Giovinezza" in 1931: Arturo Toscanini
45%
The liberal attempts to replace the Pope with a "Roman Republic" led by Italian patriots (among them, Garibaldi and Mazzini) were repressed by the intervention of which foreign power? France
42%
Italian aviator and explorer Umberto Nobile is deemed to have first reached by aircraft this place in 1926, prompting Mussolini's regime praise: The North Pole
42%
Now considered the father of modern criminal justice, this Enlightenment-era philosopher strongly stood against the death penalty: Cesare Beccaria
36%
In 1970, 20,000 Italians were brutally expelled overnight by this country and dispossessed of all their properties: Libya
30%
Over 150,000 deaths occurred in eleven consecutive, bloody offensives along the Isonzo river in this border region during WW1 (1915-1917): Friuli-Venezia Giulia
27%
In 212 AD, this Roman Emperor gave all free men in the Roman Empire theoretical Roman citizenship and all free women the same rights as Roman women. Before that, this privileged condition was granted essentially to Italy's inhabitants and their colonies within other provinces. Caracalla
24%
Battle of Marignano in 1515 occurred during the Italian Wars, which led the Italian States from independence to various forms of subjugation. Did it result in Milan passing from which to which domination? Swiss to French
24%
No matching quizzes found
Score Distribution
Percent of People with Each Score
Percentile by Number Answered
Your Score History
You have not taken this quiz